000 00903nam a22003017a 4500
003 CHAP
005 20220817042414.0
008 971013s1950 r 00010 d
010 _a43738
011 _a44710
035 _a48848
040 _cCHAP
090 _aFolleto 747
110 _aFundación Rockefeller.
245 _aPrograma agrícola mexicano
260 _aMew York :
_b(s.e.),
_c1950
300 _a35 p.
_b: ilus.
590 _aBATCH-UPD
_b10
_c20130110
_lUCH01
_h1145
590 _aBATCH-UPD
_b10
_c20130410
_lUCH01
_h0730
590 _aBATCH-UPD
_b10
_c20130914
_lUCH01
_h0041
590 _aCONVERSION
_b10
_c20130109
_lUCH01
_h1324
650 1 4 _aAgricultura
_zMéxico.
_91932
700 0 _aHarrar, Jacob George.
_952823
901 _aBK
942 _cFOLL
949 _aFolleto 747
_bBC
_cFOLL
_d-110417
_eTS1
_i48848
_mD
_si
949 _aFolleto 747
_bBC
_cFOLL
_d-110418
_eTS2
_fc.2
_i48848
_mD
_si
999 _c43738
_d43738